Скважинная добыча нефти: учебник для вузов

গ্রন্থ-পঞ্জীর বিবরন
প্রধান লেখক: Мищенко И. Т. Игорь Тихонович
সংস্থা লেখক: Российский государственный университет нефти и газа им. И. М. Губкина (РГУ Нефти и Газа)
সংক্ষিপ্ত:Посвящ. 85-летию РГУ нефти и газа
Учебник "Скважинная добыча нефти" предназначен для студентов бакалавриата, обучающихся по направлению "Нефтегазовое дело" в области разработки и эксплуатации нефтяных месторождений. Данная дисциплина является одной из специальных и профессионально ориентирующих дисциплин для студентов бакалавриата, которые, по существу, по окончании вуза становятся бакалаврами-специалистами. Кроме того, дисциплина является опорной для нескольких магистерских программ по направлению "Нефтегазовое дело". Данный учебник базируется на учебных пособиях "Скважинная добыча нефти" 2003 и 2007 годов издания. Учебник переработан в соответствии с учебным планом и учебными программами профессиональных дисциплин, обязательных для студентов бакалавриата и утвержденных в 2013 году.
ভাষা:রুশ
প্রকাশিত: Москва, Изд-во РГУ нефти и газа, 2015
বিষয়গুলি:
বিন্যাস: MixedMaterials গ্রন্থ
KOHA link:https://koha.lib.tpu.ru/cgi-bin/koha/opac-detail.pl?biblionumber=343181

MARC

LEADER 00000nam0a2200000 4500
001 343181
005 20231102005530.0
010 |a 9785919611455 
035 |a (RuTPU)RU\TPU\book\373026 
035 |a RU\TPU\book\69890 
090 |a 343181 
100 |a 20040701d2015 m y0rusy50 ca 
101 0 |a rus 
102 |a RU 
105 |a a j 011zy 
200 1 |a Скважинная добыча нефти  |e учебник для вузов  |f И. Т. Мищенко  |g Российский государственный университет нефти и газа им. И. М. Губкина (РГУ Нефти и Газа) 
210 |a Москва  |c Изд-во РГУ нефти и газа  |d 2015 
215 |a 448 с.  |c ил. 
300 |a Посвящ. 85-летию РГУ нефти и газа 
320 |a Библиогр.: с. 441 
330 |a Учебник "Скважинная добыча нефти" предназначен для студентов бакалавриата, обучающихся по направлению "Нефтегазовое дело" в области разработки и эксплуатации нефтяных месторождений. Данная дисциплина является одной из специальных и профессионально ориентирующих дисциплин для студентов бакалавриата, которые, по существу, по окончании вуза становятся бакалаврами-специалистами. Кроме того, дисциплина является опорной для нескольких магистерских программ по направлению "Нефтегазовое дело". Данный учебник базируется на учебных пособиях "Скважинная добыча нефти" 2003 и 2007 годов издания. Учебник переработан в соответствии с учебным планом и учебными программами профессиональных дисциплин, обязательных для студентов бакалавриата и утвержденных в 2013 году. 
606 1 |a Нефтяные скважины  |x Способы добычи  |x Эксплуатация  |x Механизированный способ  |2 stltpush  |3 (RuTPU)RU\TPU\subj\46133  |9 65318 
610 1 |a добыча 
610 1 |a нефть 
610 1 |a освоение 
610 1 |a гидродинамические исследования 
610 1 |a запасы 
610 1 |a продуктивность 
610 1 |a управление 
610 1 |a фонтанная эксплуатация 
610 1 |a газлифтная эксплуатация 
610 1 |a технические средства 
610 1 |a штанговые глубиннонасосные установки 
610 1 |a бесштанговые насосные установки 
610 1 |a ремонт 
610 1 |a учебники 
675 |a 622.276.5(075.8)  |v 4 
700 1 |a Мищенко  |b И. Т.  |g Игорь Тихонович 
712 0 2 |a Российский государственный университет нефти и газа им. И. М. Губкина (РГУ Нефти и Газа)  |c (Москва)  |c (1998- )  |2 stltpush  |3 (RuTPU)RU\TPU\col\408 
801 1 |a RU  |b 63413507  |c 20190704 
801 2 |a RU  |b 63413507  |c 20190910  |g RCR 
942 |c BK 
959 |a 8/20190619  |d 5  |e 1200,00  |f УФ:5